| 000 | 00567nam a2200205Ia 4500 | ||
|---|---|---|---|
| 005 | 20250326144202.0 | ||
| 008 | 250326s9999 xx 000 0 und d | ||
| 037 | _aTextbook | ||
| 040 |
_aFMSL _beng _cFMSL |
||
| 041 |
_aeng _2eng |
||
| 084 |
_aY.44 P8 _qFMSL |
||
| 100 |
_aSaith A _9748917 |
||
| 245 | 0 |
_aICTS and Indian social change : diffusion poverty goverce _cSaith A And Others |
|
| 260 |
_aNew Delhi _bNew Delhi, Sage _c2008 |
||
| 300 | _a410p | ||
| 365 | _b750 | ||
| 650 | _aEconomics | ||
| 942 |
_cTB _hY.44 P8 |
||
| 999 |
_c1302712 _d1302712 |
||